[Event "Coria del Rio op"]
[Site "Coria del Rio"]
[Date "1995.??.??"]
[Round "4"]
[White "Gonzales, J."]
[Black "Roldin, E."]
[Result "1-0"]
[WhiteElo "2370"]
[BlackElo "2085"]
[PlyCount "71"]
[EventDate "1995.??.??"]
[EventType "swiss"]
[EventRounds "9"]
[EventCountry "ESP"]
[SourceTitle "EXT 1997"]
[Source "ChessBase"]
[SourceDate "1996.11.15"]
[SourceVersion "1"]
[SourceVersionDate "1996.11.15"]
[SourceQuality "1"]

1. Nf3 d5 2. d3 f5 3. g3 Nf6 4. Bg2 e6 5. 0-0 Bd6 6. Nbd2 0-0 7. e4 dxe4 8. dxe4 Ng4 9. Qe2 Nc6 10. c3 Qe8 11. h3 Nge5 12. Nxe5 Nxe5 13. f4 Nf7 14. e5 Be7 15. Nc4 Rb8 16. Na5 Qa4 17. Nb3 b6 18. Nd4 Bc5 19. Rd1 Ba6 20. Qe1 Rfd8 21. Be3 Bxd4 22. cxd4 Bb7 23. Bxb7 Rxb7 24. Rac1 Rd5 25. Rc3 Qd7 26. Rdc1 Nd8 27. R3c2 c6 28. g4 Rc7 29. Rg2 g6 30. h4 Qe8 31. h5 Rg7 32. Rcc2 gxh5 33. gxf5 exf5 34. Rxg7+ Kxg7 35. Rg2+ Kh6 36. Qh4 1-0